[Event "3rd HoliCup Lake City 2019"]
[Site "Udaipur"]
[Date "2019.03.28"]
[Round "2"]
[White "Kandalgaonkar D.N"]
[Black "Dahale, Atul"]
[Result "0-1"]
[WhiteElo "1495"]
[BlackElo "2102"]
[Annotator "TA"]
[PlyCount "76"]
[EventDate "2019.??.??"]
[EventCountry "IND"]
[SourceTitle "playchess.com"]
[Source "ChessBase"]
[SourceQuality "1"]

{[%evp 11,76,18,29,-5,0,-22,-14,-33,0,4,0,0,59,37,72,79,63,13,27,0,20,0,0,1,0,-16,-18,-44,-41,-52,-41,-97,-116,-144,-121,-202,-175,-177,-187,-182,-176,-242,-254,-216,-207,-502,-75,-586,-596,-779,-718,-890,-808,-1140,-1085,-1229,-1185,-1104,-1112,-1083,-1062,-29995,-29996,-29998,-1915,-29998,-29999]} 1. f4 d5 2. Nf3 g6 3. e3 Bg7 4. d4 Nh6 5. c4 (5. Bd3 O-O 6. O-O c5 7. Nbd2 Nf5 8. Bxf5 Bxf5 9. dxc5 Na6 10. Nd4 Qc8 11. Qf3 Rd8 12. h3 Nxc5 13. g4 {0-1 (21) Hillarp Persson,T (2531)-Hobber,A (2320) Tylosand 2018}) 5... c6 6. Nc3 {A03: Bird's Opening with 1...d5} O-O {LiveBook: 3 Games} 7. Qb3 {[%cal Rc4d5]} e6 8. Bd2 {The position is equal.} Nd7 9. Bd3 $146 ({Predecessor:} 9. Be2 Nb6 10. O-O Nf5 11. Rad1 Re8 12. g4 dxc4 13. Bxc4 Nxc4 14. Qxc4 {1-0 (53) Gal,L-Bodrogi,M (2195) Budapest 1998}) 9... b6 10. cxd5 exd5 11. h3 a5 (11... Nf5 $11) 12. g4 $14 Ba6 13. Bxa6 Rxa6 14. Rc1 b5 15. Kf2 Nb6 16. Qc2 Nc4 17. b3 Nd6 18. a3 Re8 19. Rce1 f6 20. Bc1 Nhf7 21. h4 (21. Kg2 $15) 21... Nh6 $17 22. Reg1 Qd7 23. Nh2 (23. Ke2 $17 {keeps fighting.}) 23... f5 {[%cal Rf5g4]} 24. g5 Ng4+ 25. Nxg4 fxg4 26. h5 (26. Qd1 $142) 26... Nf5 $19 27. hxg6 hxg6 28. Nd1 $2 {[#]} ({Much weaker is} 28. Rxg4 c5 $19) (28. Rd1) 28... g3+ $2 (28... c5 $1 $19 {[%mdl 512] and Black stays clearly on top.} 29. dxc5 (29. Qxc5 Rc6) 29... d4) 29. Kg2 $2 {[%mdl 8192] [#]} (29. Rxg3 $17 {keeps some hope.} Nxg3 30. Kxg3) 29... c5 $1 {[%mdl 512]} 30. dxc5 (30. Qxc5 Rc6) 30... d4 {Strongly threatening ...d3.} 31. Re1 Rae6 {[%cal Ba6e6,Be6e4,Be4e3][%mdl 32]} 32. b4 Qd5+ 33. Kh3 Kf7 {( -> ...Qf3)} 34. Kg4 Re4 35. Qd3 g2 36. Rhg1 Rh8 37. Nc3 Rh4+ 38. Kf3 Rxe3+ {Precision: White = 30%, Black = 62%.} 0-1

[Event "3rd HoliCup Lake City 2019"]
[Site "Udaipur"]
[Date "2019.03.28"]
[Round "2"]
[White "Bhatt, Pradip P."]
[Black "Rathore, S.K."]
[Result "1/2-1/2"]
[WhiteElo "1493"]
[BlackElo "2092"]
[Annotator "NA RC"]
[PlyCount "131"]
[EventDate "2019.??.??"]
[EventCountry "IND"]
[SourceTitle "playchess.com"]
[Source "ChessBase"]
[SourceQuality "1"]
[TimeControl "5400+30"]

1. d4 Nf6 2. Nc3 d5 3. Bg5 h6 4. Bxf6 exf6 5. e3 c6 6. Bd3 Bd6 {D01: Veresov Opening} (6... f5 7. Qd2 g6 8. Nce2 Nd7 9. c4 {½-½ (9) Laznicka,V (2670)-Erdos,V (2615) Jerusalem 2015}) 7. Nge2 O-O 8. Ng3 g6 9. Qf3 Re8 10. O-O-O Na6 $146 ({Predecessor:} 10... f5 11. h4 h5 12. Nce2 f4 13. Nxh5 gxh5 14. Qxh5 {½-½ (62) Markovic,M (2315)-Saric,S (2447) Novi Sad 2010}) 11. e4 dxe4 12. Ngxe4 f5 13. Nxd6 Qxd6 14. d5 Nc7 15. Bc4 Bd7 16. Rd2 c5 17. Qg3 $1 f4 18. Qf3 b5 19. Be2 $1 f5 20. Bd1 g5 21. Ne2 Rad8 $2 (21... Re4 $1 $15 {keeps the upper hand.}) 22. h4 Rxe2 (22... g4 $16 23. Qxf4 Re5) 23. Qxe2 g4 24. c4 Re8 25. Qd3 bxc4 26. Qxc4 Re4 27. Qc3 Bb5 28. Bb3 Be2 29. Re1 Nb5 30. Qa5 f3 31. gxf3 gxf3 32. Rg1+ Rg4 33. Rxg4+ fxg4 34. Bd1 Nd4 {[#]} 35. Qxa7 $2 (35. b4 $1 $18 {[%cal Rb4c5]} Nb5 36. bxc5 Qxc5+ 37. Rc2) 35... g3 (35... Bxd1 $1 $11 36. Kxd1 g3 37. Qa8+ Kf7 38. Qb7+ Kf6 39. fxg3 Qxg3 40. Qa6+ Ke5) 36. fxg3 $14 f2 37. Rxe2 f1=Q 38. Re8+ Qff8 39. Qa8 Qxe8 40. Qxe8+ Kg7 41. Qe4 Qxg3 42. a4 Qg1 43. Qg4+ Qxg4 44. Bxg4 Kf6 45. a5 Nb3+ 46. Kc2 Nxa5 47. Kd3 Ke5 48. Bf3 Kf5 49. Kc3 Ke5 50. Bg2 Kd6 51. b4 cxb4+ 52. Kxb4 Nb7 53. Kc4 Ke5 54. Kb5 Nd6+ 55. Kc6 Nf5 56. h5 Ne7+ 57. Kd7 Nxd5 58. Bxd5 Kxd5 59. Ke7 Ke5 60. Kd7 Kf6 61. Kd6 Kg5 62. Ke5 Kxh5 63. Kf4 Kh4 64. Kf3 Kh3 65. Kf2 Kg4 66. Ke1 1/2-1/2

[Event "3rd HoliCup Lake City 2019"]
[Site "Udaipur"]
[Date "2019.03.28"]
[Round "2"]
[White "Sarvade Mihiir"]
[Black "Pandey Srishti"]
[Result "0-1"]
[WhiteElo "1492"]
[BlackElo "2020"]
[Annotator "NA RC"]
[PlyCount "93"]
[EventDate "2019.??.??"]
[EventCountry "IND"]
[SourceTitle "playchess.com"]
[Source "ChessBase"]
[SourceQuality "1"]
[TimeControl "5400+30"]

{[%evp 18,78,63,22,69,55,80,47,55,0,0,-16,0,0,0,0,0,22,25,0,48,-80,-81,-120,-88,-118,0,-194,-62,-118,0,-89,-68,-75,13,0,47,0,138,86,72,75,79,37,57,0,163,155,32767,32767,32767,32767,32767,32767,97,56,105,0,0,-104,0,0,0]} 1. d4 Nf6 2. c4 g6 3. Nc3 Bg7 4. e4 d6 5. Nf3 O-O 6. Be2 e5 7. d5 Nfd7 {E92: King's Indian: Classical: 6 Be2 e5: 7 dxe5, 7 Be3 and Petrosian System without 7...Nbd7} (7... Nbd7 8. Be3 Ng4 9. Bg5 f6 10. Bh4 a5 11. Nd2 Nh6 12. f3 Nf7 13. Qc2 Nc5 14. O-O Bh6 15. Kh1 Bd7 16. b3 Kg7 17. Rab1 Na6 18. a3 c5 19. dxc6 bxc6 {½-½ (31) Giri,A (2780)-Rapport,R (2725) Douglas 2018}) 8. Bg5 f6 9. Bh4 Qe8 10. Nd2 Nb6 $146 ({Predecessor:} 10... f5 11. exf5 Rxf5 12. Nde4 Na6 13. O-O Ndc5 14. Bf3 Rf8 15. Re1 Nxe4 16. Nxe4 {1-0 (57) Weise,B (1764)-Weimert,M (1777) Germany 2018}) 11. b4 Bd7 12. c5 Na4 13. c6 (13. Qb3 $14 Nxc3 14. Qxc3) 13... Nxc3 14. cxb7 Na6 $1 15. bxa8=Q Qxa8 16. Qb3 Nxe2 17. Kxe2 Rb8 18. a3 Nc5 19. Qc3 (19. Qe3 $11 {remains equal.} Bb5+ 20. Kf3 Nxe4 {[%mdl 64] Remove Defender} 21. Nxe4) 19... Bb5+ 20. Kd1 {[#]} ({Don't play} 20. Kf3 $6 Na4 $11) 20... Na4 $1 {Remove Defender, Decoy} ({Much weaker is} 20... Nxe4 $6 21. Nxe4 Qxd5+ 22. Nd2 $11) 21. Qc2 (21. Qxc7 Nb2+ 22. Ke1 Nd3+ 23. Kf1 Nf4+ 24. Kg1 Ne2+ 25. Kf1 Nd4+ 26. Kg1 Rb7) 21... Rb7 ({Better is} 21... Rc8 $17 22. Qb3 c5) 22. Nb1 $2 {[#]} (22. f3 $11 {and White has nothing to worry.}) 22... Qc8 ({Black should play} 22... c6 $1 $17 {[%mdl 512]} 23. dxc6 Rc7) 23. f3 f5 ({Black should try} 23... c5 $17 24. Nc3 Nxc3+ 25. Qxc3 Rc7) 24. h3 (24. Nd2 $11 {remains equal.}) 24... fxe4 25. fxe4 Qe8 (25... c5 $17 26. dxc6 Rc7) 26. Nc3 Nxc3+ 27. Qxc3 g5 (27... Bh6 $11 {remains equal.}) 28. Be1 (28. Bf2 $142) 28... Ba4+ 29. Kc1 c6 30. dxc6 Bxc6 31. Qe3 (31. Qd3 $14) 31... Rc7 $2 (31... Qg6 $11 {and Black is okay.}) 32. Kb2 Rf7 33. Bc3 Rf4 34. Qxa7 Bxe4 35. Rhf1 d5 36. Rxf4 gxf4 37. Qf2 (37. Qb7 $16) 37... d4 38. Bd2 {[#]} (38. Be1 $11 {was the only way to keep the balance.}) 38... Bc6 ({Better is} 38... Bg6 $1 $17 39. Be1 e4 40. Qxf4 e3) 39. Rc1 e4 $11 40. Qxf4 e3 41. Be1 d3+ 42. Bc3 d2 43. Qc4+ Qf7 44. Qxf7+ Kxf7 45. Rf1+ Kg8 46. Bxg7 e2 47. Bc3 0-1

[Event "3rd HoliCup Lake City 2019"]
[Site "Udaipur"]
[Date "2019.03.28"]
[Round "2"]
[White "Nagarkatte Vedant"]
[Black "Anadkat Kartavya"]
[Result "1/2-1/2"]
[WhiteElo "1476"]
[BlackElo "1998"]
[Annotator "NA RC"]
[PlyCount "121"]
[EventDate "2019.??.??"]
[EventCountry "IND"]
[SourceTitle "playchess.com"]
[Source "ChessBase"]
[SourceQuality "1"]
[TimeControl "5400+30"]

1. e4 g6 2. d4 Bg7 3. Nc3 c6 4. f4 d5 5. e5 h5 6. h3 Nh6 7. Be3 Nf5 {B15: Caro-Kann: 3 Nc3: 3...g6 and 3...dxe4 4 Nxe4 Nf6 5 Nxf6+ exf6} (7... b6 8. Bf2 Nf5 9. g3 e6 10. Bg2 Bf8 11. Qd2 Be7 12. O-O-O Nd7 13. g4 Ng7 14. Nf3 b5 15. Qe1 {1-0 (56) Popov,I (2605)-Shvedchikov,A (2405) Moscow 2012}) 8. Bf2 Nd7 9. Nf3 Nf8 10. Rg1 $146 ({Predecessor:} 10. Bd3 e6 11. Rg1 h4 12. Ne2 b6 13. c3 a5 14. Ng5 Ba6 15. g4 {0-1 (41) Campora,E (1723)-Benoit,R (2061) Montevideo 2015}) 10... h4 11. Bd3 Ne6 12. Bxf5 gxf5 13. Be3 Nf8 14. Qd2 Ng6 15. O-O-O e6 16. g4 hxg3 17. Rxg3 b6 18. Ng5 Bh6 19. Qg2 Bxg5 20. Rxg5 Qe7 21. Rg1 Ba6 22. Qg3 O-O-O 23. Rh1 Rh4 24. Qf2 Rdh8 25. Rg3 Qf8 26. Qf3 Qh6 27. Ne2 Qh5 28. Ng1 Qh6 29. Qf2 Rh5 30. Qd2 Nh4 31. Nf3 Nxf3 32. Rxf3 Rg8 33. Qf2 Qh7 34. Rg3 Rxg3 35. Qxg3 Rh6 $14 36. Qg5 Kd7 37. Qg3 Rg6 38. Qf2 Qh5 39. Rh2 Qh8 40. Rh1 Bb5 41. b3 Ba6 42. Kb2 Qh5 43. Rh2 Ke8 44. Kc1 Kf8 45. Kb2 Bb7 46. Kc1 Kg8 47. h4 Kf8 48. Kb2 Ba6 49. Kc1 Qg4 50. Kd2 Qh5 51. Ke1 Rg4 52. Kd2 Kg7 53. Ke1 Kh6 54. Kd2 Qg6 55. Ke1 Kh5 56. Qf3 Kh6 57. Qf2 Rg3 58. Rh1 Rg2 59. Rg1 Rxg1+ 60. Qxg1 Qxg1+ 61. Bxg1 1/2-1/2

[Event "3rd HoliCup Lake City 2019"]
[Site "Udaipur"]
[Date "2019.03.28"]
[Round "2"]
[White "Jaidambareesh N R"]
[Black "Himanshu Ranjan"]
[Result "1/2-1/2"]
[WhiteElo "1475"]
[BlackElo "1984"]
[Annotator "NA RC"]
[PlyCount "50"]
[EventDate "2019.??.??"]
[EventCountry "IND"]
[SourceTitle "playchess.com"]
[Source "ChessBase"]
[SourceQuality "1"]
[TimeControl "5400+30"]

{[%evp 17,50,-11,32767,32767,-6,-40,39,-55,0,0,-12,-8,23,14,43,27,75,18,81,25,89,96,98,59,70,13,52,26,32767,32767,32767,32767,32767,234,300]} 1. b3 d5 2. Bb2 e6 3. e3 Nf6 4. d3 Be7 5. Nd2 O-O 6. Ne2 b6 7. g3 Bb7 8. Bg2 Nbd7 9. O-O c5 10. e4 Qc7 11. c4 a6 ({Black should try} 11... d4 $15) 12. h3 ({White should play} 12. cxd5 $11 exd5 13. Nf4) 12... dxe4 (12... d4 $15) 13. dxe4 b5 14. Qc2 b4 15. Rad1 a5 16. Rfe1 a4 17. Nc1 ({Better is} 17. e5 $1 $16) 17... Rfd8 18. Nd3 g6 {[#]} (18... Nb8 $11 {remains equal.}) 19. e5 $1 Ne8 20. Ne4 ({Much weaker is} 20. bxa4 Bxg2 21. Kxg2 Qc6+ 22. Ne4 Nb6 $11) 20... Qb6 21. Nf4 ({Of course not} 21. bxa4 $6 Bc6 $11) (21. f4 $16) 21... Rac8 22. h4 a3 23. Ba1 Kg7 24. h5 g5 25. Nh3 h6 $18 (25... Bxe4 $142 26. Qxe4 (26. Bxe4 Nf8 $16) 26... Nf8) 1/2-1/2

[Event "3rd HoliCup Lake City 2019"]
[Site "Udaipur"]
[Date "2019.03.28"]
[Round "2"]
[White "Ammar Habib"]
[Black "Shubham Shukla"]
[Result "0-1"]
[WhiteElo "1470"]
[BlackElo "1948"]
[Annotator "NA RC"]
[PlyCount "62"]
[EventDate "2019.??.??"]
[EventCountry "IND"]
[SourceTitle "playchess.com"]
[Source "ChessBase"]
[SourceQuality "1"]
[TimeControl "5400+30"]

{[%evp 13,62,-9,32767,8,22,2,33,0,52,42,41,76,83,58,71,-94,-102,-102,-97,-95,-99,-461,-452,-550,-551,-539,-621,-752,-779,-735,-351,-387,-434,-479,-178,-302,-262,-254,-130,-310,-305,-585,-395,-343,-324,-604,-227,-254,-279,-29996,-29997]} 1. e4 c5 2. Nf3 a6 3. d4 cxd4 4. Nxd4 Nf6 5. Nc3 e5 6. Nde2 Bc5 7. Ng3 Nc6 {B28: Sicilian: 2 Nf3 a6 (O'Kelly Variation)} (7... d6 8. Be2 O-O 9. O-O Nc6 10. Be3 Nd4 11. Bg5 Ne6 12. Be3 b5 13. Bxc5 dxc5 14. a4 b4 15. Nd5 Nf4 16. Bc4 Be6 17. Qe1 Nxe4 18. Rd1 Nxg3 19. Nxf4 exf4 20. Rxd8 Raxd8 21. fxg3 Bxc4 22. Rxf4 Rfe8 23. Qxe8+ Rxe8 24. Rxc4 Re5 {½-½ (24) Churkin,M (2531)-Szymanski,R (2456) ICCF email 2015}) 8. Bc4 d6 9. O-O Bg4 $146 ({Predecessor:} 9... Be6 10. Bb3 Nd4 11. Bg5 h6 12. Bxf6 Qxf6 {1-0 (43) Correa,J (2265)-Letelier Martner,R (2210) Santiago de Chile 1994}) 10. Qd2 Nd4 11. Nd5 h5 12. c3 Ne6 13. b4 Ba7 14. Kh1 $2 {[#]} (14. Qd3 $14 {keeps the upper hand.}) 14... h4 $1 15. Nxf6+ Qxf6 16. Nf5 h3 17. Nxd6+ $2 (17. g3 $17 {was the crucial defense.}) 17... Kf8 18. f3 hxg2+ 19. Qxg2 Bh3 20. Qe2 Bxf1 21. Qxf1 Nf4 (21... Qh4 $142 {[%csl Gh8][%cal Rh4h2]} 22. Qg2 Rd8) 22. Bxf4 Qxf4 ({Not} 22... Qxd6 23. Bg3 $17) 23. Qg2 f6 (23... Rd8 $142 24. Nf5 g6) 24. Nf5 {[#]} (24. Nxb7 $142 Rc8 25. Bxa6) 24... g6 $1 25. Ng3 Rh4 (25... Ke7 $19 {and Black stays clearly on top.} 26. Nf1 Rac8) 26. Ne2 (26. Rd1 $142) 26... Qh6 27. Rd1 $2 (27. Ng3 {is more resistant.} Ke7 28. a4) 27... Ke7 28. Ng3 Rh8 29. Nf1 Be3 30. Qe2 (30. b5 $142) 30... Bf4 31. Qd3 (31. Qf2 $19 b6 32. Kg2) 31... Rxh2+ $1 0-1

[Event "3rd HoliCup Lake City 2019"]
[Site "Udaipur"]
[Date "2019.03.29"]
[Round "3.1"]
[White "Das, Sayantan"]
[Black "Chandan, Palash N"]
[Result "1-0"]
[WhiteElo "2435"]
[BlackElo "1689"]
[Annotator "TA"]
[PlyCount "59"]
[EventDate "2019.??.??"]
[EventCountry "IND"]
[SourceTitle "playchess.com"]
[Source "ChessBase"]
[SourceQuality "1"]

{[%evp 13,59,0,0,0,13,0,23,20,15,15,14,-13,-9,-31,-26,-23,-11,-60,-51,-98,-93,-110,-92,-102,230,235,227,227,387,391,373,322,370,362,432,0,353,311,311,304,304,304,304,298,311,311,816,739]} 1. e4 e6 2. Qe2 c5 3. Nf3 Nc6 4. g3 g6 5. Bg2 Bg7 6. O-O d6 7. c3 Nge7 8. d4 {C00: French: Unusual White 2nd moves} cxd4 9. cxd4 Nxd4 10. Nxd4 {White has an edge.} Bxd4 11. Bh6 Ng8 12. Bf4 $146 ({Predecessor:} 12. Be3 Bxe3 13. Qxe3 Qb6 14. Qxb6 axb6 15. Na3 Nf6 {½-½ (40) Beikert,G (2436)-Fedorchuk,S (2634) Belfort 2012}) 12... e5 $36 {[%mdl 2048] Black has the initiative.} 13. Bd2 h5 14. Nc3 a6 15. h4 Be6 16. Nd5 Bxd5 17. exd5 Qd7 18. Rad1 Nf6 $2 {[%mdl 8192] [#]} ({Weaker is} 18... Bxb2 19. Bb4 $14) (18... Kf8 $17 {stays on course.} 19. Be3 Bxe3 20. fxe3 Nh6) 19. Bg5 $1 $18 {[%csl LRd4,LRf6]} Qg4 20. Rfe1 O-O $2 (20... Nh7 {is a better defense.}) 21. Bxf6 Qf5 22. Bg5 ({Don't do} 22. Be7 Rfc8 $18) 22... Rac8 23. Be4 Qh3 {Now ...Qxg3+ and Black clings on.} 24. Bg2 Qf5 $1 25. Rc1 Rxc1 26. Rxc1 Rc8 27. Rxc8+ Qxc8 28. Be3 Bxe3 29. Qxe3 ({Don't take} 29. fxe3 Qc5 $18) 29... Qc2 $2 {[#]} (29... Qc7 30. b3 b6) 30. Qb6 {Accuracy: White = 46%, Black = 33%.} 1-0

[Event "3rd HoliCup Lake City 2019"]
[Site "Udaipur"]
[Date "2019.03.29"]
[Round "3.2"]
[White "Raj, D Vyas"]
[Black "Muthaiah, Al"]
[Result "0-1"]
[WhiteElo "1698"]
[BlackElo "2426"]
[Annotator "TA"]
[PlyCount "68"]
[EventDate "2019.??.??"]
[EventCountry "IND"]
[SourceTitle "playchess.com"]
[Source "ChessBase"]
[SourceQuality "1"]

{[%evp 13,68,27,27,0,9,9,6,10,12,-23,-21,-23,-25,-81,-83,-79,-10,-33,-19,-120,-96,-189,-152,-288,-293,-295,-283,-280,-266,-266,-277,-620,-635,-794,-614,-778,-652,-645,-616,-717,-705,-801,-794,-891,-897,-885,-882,-995,-958,-1214,-1213,-1185,-1140,-1506,-1695,-1676,-1660]} 1. e4 c5 2. Nf3 a6 3. Nc3 b5 {[%cal Bb7b5,Bb5b4][%mdl 32]} (3... d6 4. d4 cxd4 5. Nxd4 Nf6 6. Be3 Ng4 7. Bc1 Nc6 8. Be2 Qb6 9. Bxg4 Bxg4 10. Qxg4 Qxd4 11. O-O e6 12. Rd1 Qf6 13. Qg3 Qg6 14. Bf4 Qxg3 15. Bxg3 {0-1 (67) Guseinov,G (2664)-Artemiev,V (2709) Skopje 2018}) 4. d3 Bb7 5. g3 d6 6. Bg2 {B28: Sicilian: 2 Nf3 a6 (O'Kelly Variation)} g6 7. O-O Bg7 {LiveBook: 9 Games} 8. Be3 {White has an edge.} b4 $146 ({Predecessor:} 8... Nc6 9. Qd2 Nf6 10. Rfe1 Ng4 11. h3 Nxe3 12. Qxe3 {0-1 (21) Reda,L-Tomczyk,R (1592) Warsaw 2009}) 9. Ne2 Bxb2 10. Rb1 Bg7 11. d4 Nd7 12. e5 dxe5 13. Nxe5 (13. dxc5 $11 Ngf6 14. Rxb4) 13... Bxg2 $17 14. Kxg2 cxd4 (14... Ngf6 $17) 15. Nc6 $11 Qc7 16. Ncxd4 (16. Nexd4 $11 Bxd4 17. Nxd4) 16... a5 17. Nf4 {[#]} (17. Kg1 $17 {keeps fighting.}) 17... Ngf6 $1 $19 {White must now prevent ...e5.} 18. Qf3 (18. c4 $17 {was called for.}) 18... O-O 19. Nd5 Nxd5 20. Qxd5 Nf6 {[%cal Bd7f6,Bf6d5,Bd5c3][%mdl 32]} 21. Qc6 Rfc8 22. Qa4 $2 (22. Qxc7 Rxc7 23. a3) 22... Nd5 {Black is clearly winning.} 23. Qb3 Qb7 {[#] ( -> ...Nf4+)} 24. Kg1 Nc3 25. Rfe1 Nxb1 26. Rxb1 Qe4 27. f3 Qe5 28. Bf2 Rc3 29. Qa4 Rac8 30. Re1 Qd5 31. Qb5 Qxb5 32. Nxb5 Rxc2 33. Rxe7 Rxa2 34. Nd6 Rc1+ {Precision: White = 23%, Black = 79%.} 0-1

[Event "3rd HoliCup Lake City 2019"]
[Site "Udaipur"]
[Date "2019.03.29"]
[Round "3.3"]
[White "Harikrishnan.A.Ra"]
[Black "Ravi, Shanker"]
[Result "1-0"]
[WhiteElo "2413"]
[BlackElo "1673"]
[Annotator "TA"]
[PlyCount "80"]
[EventDate "2019.??.??"]
[EventCountry "IND"]
[SourceTitle "playchess.com"]
[Source "ChessBase"]
[SourceQuality "1"]

{[%evp 10,80,30,4,9,-35,4,0,43,34,42,40,50,51,58,51,49,47,57,54,83,88,94,94,90,91,112,106,106,70,80,61,66,53,55,44,47,28,64,-9,-7,-10,0,-32,-33,-52,-37,-30,-26,-29,-34,-47,-33,-33,-33,-109,0,0,243,245,245,240,239,102,235,95,239,120,129,121,239,238,714]} 1. e4 e5 2. Nf3 Nc6 3. Bc4 Nf6 4. d3 Be7 5. c3 O-O 6. Bb3 d5 {C55: Two Knights: 4 d3, 4 d4 exd4 5 e5 and Max Lange Attack} (6... d6 7. O-O Na5 8. Bc2 c5 9. d4 cxd4 10. cxd4 Nc6 11. d5 Nb4 12. Bb3 a5 13. a3 Na6 14. Bc2 Bd7 15. Bd2 a4 16. Re1 b5 {0-1 (48) Tiviakov,S (2639)-Nikolic,P (2601) Leiden 2015}) 7. Qe2 dxe4 8. dxe4 Bg4 {The position is equal.} 9. h3 Bh5 10. O-O Bd6 $146 ({Predecessor:} 10... Bc5 11. Bg5 h6 12. Bc1 Qe7 13. Nbd2 Rfd8 14. Re1 {½-½ (82) Granko,R-Lysenko,D Evpatoria 2008}) 11. Nbd2 {[%cal Bb1d2,Bd2f1,Bf1e3,Be3f5][%mdl 32]} Qe7 12. Re1 Nd7 13. Nf1 Nc5 14. Bc2 Bxf3 15. Qxf3 Rfe8 16. Ne3 Qf8 17. Nf5 Be7 18. Qg4 Rad8 19. Re3 Bf6 20. Rg3 Ne7 21. Be3 Ne6 22. Ba4 c6 23. Bb3 {Strongly threatening Nh6+.} ({Reject} 23. Bxa7 Ra8 $17) (23. Nh6+ $5 Kh8 24. Rf3 $14) 23... Ng6 24. h4 ({White should try} 24. Rf3 $14) 24... Ngf4 $11 25. h5 Kh8 26. Rf3 Ng5 27. g3 Nxf3+ 28. Qxf3 Ne6 29. h6 g6 $1 {[%cal Rg6f5] [#]} 30. Nd6 $1 {[%mdl 512]} Rxd6 31. Qxf6+ Kg8 32. Qxe5 (32. a4 $15) 32... b6 (32... Nd4 $1 $17 {[%cal Rd4f3]} 33. Qc5 Nxb3 34. axb3 a6) 33. Qf6 $1 Nc5 $2 {[#]} (33... Rd3 $11 {and Black stays safe.}) 34. Bxf7+ $1 $18 {[%mdl 512]} Qxf7 35. Qxd6 {[%mdl 64] Double Attack} Nxe4 36. Qd3 (36. Qxc6 $18 {is the precise move to win. aiming for Rd1.} Qe6 37. Qxe6+ Rxe6 38. Rd1) 36... Qf3 (36... Nf6 $16 {might work better.}) 37. Qd4 (37. Qd7 $18 {[%csl Gh6][%cal Rd7g7] has better winning chances.} Qf7 38. Qxc6) 37... Re7 (37... Nf6 $16 {keeps fighting.}) 38. Rd1 ({Only move:} 38. Qc4+ $18 Qf7 39. Qxc6) 38... Nf6 $16 39. Bf4 Nd5 (39... Kf7 $16) 40. Bg5 $18 c5 $2 {Accuracy: White = 40%, Black = 38%.} (40... Rd7) 1-0

[Event "3rd HoliCup Lake City 2019"]
[Site "Udaipur"]
[Date "2019.03.29"]
[Round "3.4"]
[White "Wazeer Ahmad, Khan"]
[Black "Rajesh, V A V"]
[Result "0-1"]
[WhiteElo "1671"]
[BlackElo "2413"]
[Annotator "TA"]
[PlyCount "125"]
[EventDate "2019.??.??"]
[EventCountry "IND"]
[SourceTitle "playchess.com"]
[Source "ChessBase"]
[SourceQuality "1"]

{[%evp 22,125,39,14,16,-4,22,0,0,0,-1,-14,28,25,52,50,57,58,69,42,73,24,15,0,0,0,67,52,118,104,122,135,114,0,0,0,24,-181,-35,-229,-96,-104,-69,-819,-379,-817,-817,-830,-850,-1084,-1065,-1057,-1036,-1191,-731,-730,-730,-701,-699,-887,-797,-1255,-987,-970,-969,-942,-923,-2373,-2208,-4837,-4817,-4302,-1503,-1581,-1572,-1271,-739,-728,-706,-664,-546,-931,-927,-972,-962,-862,-735,-4898,-2340,-4133,-1272,-4133,-4116,-4133,-4100,-4088,-1280,-29972,-4129,-29983,-29985,-29985,-29985,-29984,-29982,-29993]} 1. d4 Nf6 2. c4 g6 3. Nc3 d5 4. cxd5 Nxd5 5. e4 Nxc3 6. bxc3 Bg7 7. Bc4 c5 8. Ne2 Nc6 9. Be3 O-O 10. O-O Qc7 11. Rc1 Rd8 12. f3 b6 {D87: Exchange Grünfeld: Classical Line: Variations without ...cxd4} 13. Bb5 $146 ({Predecessor:} 13. d5 Ne5 14. Bb3 c4 15. Bc2 e6 16. Bf4 exd5 17. exd5 Qc5+ 18. Kh1 Ba6 19. Bxe5 Bxe5 {0-1 (35) Aldrich,J-Endsley,B (2143) ICCF email 2013}) 13... Na5 14. Bf4 e5 {The position is equal.} 15. Bg5 f6 16. Be3 a6 17. Bd3 c4 18. Bb1 b5 19. Qe1 Rb8 20. Qg3 Nb7 21. f4 exd4 22. cxd4 f5 $1 23. e5 $1 Be6 (23... Na5 $11) 24. h4 $1 $14 b4 (24... Na5 $14) 25. h5 $1 $16 {[%cal Rh5g6]} Qf7 26. hxg6 hxg6 27. Kf2 (27. Qg5 $1 $16) 27... c3 $11 28. Rh1 Na5 29. d5 $2 (29. Qg5 $11) 29... Bxd5 ({Black should play} 29... Rxd5 $19 {Hoping for ...Nc4.} 30. a3 Nb3) 30. Bc5 $2 ({White should try} 30. Qh4 $15) 30... Bc4 $36 {[%mdl 2048] Black is on the roll.} (30... Qc7 $1 $19 {[%cal Rc7c5] and Black stays clearly on top.} 31. Bd4 Rb6 $1 {[%mdl 512]} 32. Bxb6 Qxb6+ 33. Qe3 Qxe3+ 34. Kxe3 Nc4+ 35. Kf2 Bf8 36. Nxc3 bxc3 37. Rxc3 Be6) 31. Qh4 $17 {[%csl Gh1][%cal Rh4h7]} Qc7 32. Qh7+ $2 {[%mdl 8192]} (32. Be3 $1 $15) 32... Kf7 $19 33. e6+ $2 (33. Bd4 Nc6 34. e6+ Kf8 35. Bf6 $1 {[%mdl 512]} Qa7+ 36. Ke1 Bxf6 37. Qxg6) 33... Bxe6 34. Rh6 Qxc5+ 35. Ke1 Kf8 36. Rxg6 Qe7 37. Rg5 c2 {...Bc3+ is the strong threat.} 38. Rxf5+ Bxf5 39. Qxf5+ Bf6 40. Rxc2 Rb5 41. Qh3 b3 42. Rc8 Rbd5 {White must now prevent ...Rd1+.} 43. Rxd8+ Qxd8 44. Qh6+ Bg7 45. Qg6 Qh4+ 46. g3 Qh1+ 47. Kf2 Qh2+ 48. Kf3 Qh5+ 49. Qxh5 Rxh5 50. axb3 Nxb3 51. Ba2 Rb5 52. g4 a5 53. g5 a4 54. Ng3 Nd4+ 55. Ke4 Rb4 56. Nh5 Ne2+ 57. Kf3 Nc3 58. Be6 Rb6 59. f5 {[#]} Be5 (59... Rxe6 $142 $1 60. Nxg7 (60. fxe6 a3) 60... Kxg7 61. fxe6 a3 62. Kg2 Nd5 63. Kf3 a2 64. Ke4 Ne7 65. Kd4 a1=Q+ 66. Kc4 Qa6+ 67. Kc5 Kg6 68. Kd4 Qxe6 69. Kc5 Kxg5 70. Kb4 Qc6 71. Ka3 Nd5 72. Kb2 Qc3+ 73. Ka2 Nb4+ 74. Kb1 Qc2+ 75. Ka1 Qc1#) 60. Nf4 Bxf4 {Black mates.} 61. Kxf4 a3 {[%cal Ba4a3,Ba3a2][%mdl 32]} 62. Ke5 a2 63. Kd4 {Accuracy: White = 30%, Black = 49%.} 0-1